Score 0/15 Timer 02:00
0 Plays Today
Clue 5-Letter Word % Correct
Imposes a financial penaltyFINES
89.2%
Dismisses from officeFIRES
86.7%
Prongs of a forkTINES
86.5%
Fortified military postsFORTS
85.6%
With [Last Rung], Oscar winner for 'The King's Speech'COLIN
82.8%
Songs, or short musical compositionsTUNES
81.6%
With [First Rung], Oscar winner for 'The King's Speech'FIRTH
80.2%
Pain that causes babies to cryCOLIC
78%
Clue 5-Letter Word % Correct
Forward or onward in timeFORTH
75.3%
Creates or gives shape toFORMS
75%
Business or commercial enterprisesFIRMS
72%
North African capital cityTUNIS
71.6%
A medicine that invigoratesTONIC
70.8%
Loose fitting cloakTUNIC
70.6%
Parabola, ellipse, circle, hyperbola: ___ sectionsCONIC
67.7%

Today's Daily Dose

Remove Ads.
Support Sporcle.
Get the best of Sporcle when you Go Orange. This ad-free experience offers more features, more stats, and more fun while also helping to support Sporcle. Thank you for becoming a member.

You're not logged in!

Compare scores with friends on all Sporcle quizzes.
OR
Log In

Show Comments

Extras

Top Quizzes Today


Score Distribution

Your Account Isn't Verified!

In order to create a playlist on Sporcle, you need to verify the email address you used during registration. Go to your Sporcle Settings to finish the process.

Report this User

Report this user for behavior that violates our Community Guidelines.

Details: